000 00558nam a2200181 4500
001 143873
003 ES-MaACL
005 20250716062532.0
007 t|
008 070214q1920 sp r ||||1| spa d
100 1 _aShakespeare, William,
_d1564-1616
_9105992
245 1 4 _aLos poemas /
_cWilliam Shakespeare ; [traducción del inglés por L. Astrana Marín].
260 _aMadrid :
_bRenacimiento,
_c[ca. 1920]
300 _a231 p. ;
_c19 cm.
700 1 _aAstrana Marín, Luis.
_923693
852 _aES-MaACL
_jC-26652
_bR.55246
999 _c143873
_d143873